LDR 00787naa#a2200181#i#450# 001 EN\\bibl\122749 005 20260605191829.5 011 ## _a2686-9896 100 ## _a20260515b2026####ek#y0engy0150####ca 102 ## _aRU 200 1# _aFEATURES OF OPERATION OF FLANGE CONNECTIONS AT LOW TEMPERATURES _eJournal article 210 1# _aAngarsk _cFederal State Funded Educational Establishment of Higher Education «Angarsk State Technical University» _d2026 215 ## _a1 с. 608 ## _aJournal article _2local 675 ## _aОбщее машиностроение. Ядерная техника. Электротехника. Технология машиностроения в целом. 621 _z 700 #1 _aScherbin _gSergey Anatol'evich 700 #1 _aGlazkov _gEvgeny Viktorovich 856 4# _aangtu.editorum.ru _u